00551nam a2200205Ia 4500008004100000020001800041050000800059050000900067100001800076245002000094245006000114260002000174260002900194260000900223300001600232300002700248300001100275440002600286650003300312170203s9999 xx 000 0 und d a9789833517381 aFic bJ76f aJones, Faye.  4aThe four sons / cwritten by Faye Jones ; illustrated by Darian Theoland. aKuala Lumpur :  bScholar's Publications,  c2007 a16 pages :  bcolor illustrations ;  c21 cm. aLearn to read series. aChildren's stories, English.